Directorio de centros de investigación científica y tecnológica en América Latina y el Caribe, España y Portugal 1991 = Directory of scientific and technological research centres in Latin America and the Caribbean, Spain and Portugal 1991.
Guardado en:
| Formato: | Libro |
|---|---|
| Idioma: | Spanish English |
| Publicado: |
Montevideo, Uruguay :
UNESCO,
c1991.
|
| Materias: | |
| Etiquetas: |
Agregar Etiqueta
Sin Etiquetas, Sea el primero en etiquetar este registro!
|
| LEADER | 01836cam a22003735a 4500 | ||
|---|---|---|---|
| 001 | EIQ.libpla001647 | ||
| 008 | 970623s1991####uy#b#####r####000#0#spa#d | ||
| 005 | 20061211160616.0 | ||
| 245 | 0 | 0 | |a Directorio de centros de investigación científica y tecnológica en América Latina y el Caribe, España y Portugal 1991 = |b Directory of scientific and technological research centres in Latin America and the Caribbean, Spain and Portugal 1991. |
| 260 | |a Montevideo, Uruguay : |b UNESCO, |c c1991. | ||
| 300 | |a x, 178 p. : |b maps ; |c 30 cm. | ||
| 546 | |a Texto en español e inglés | ||
| 020 | |a 929089010x | ||
| 246 | 3 | 1 | |a Directory of scientific and technological research centres in Latin America and the Caribbean, Spain and Portugal 1996 |
| 246 | 1 | 4 | |a centros de investigación científica y tecnológica en América Latina y el Caribe, España y Portugal : |b directorio |
| 246 | 1 | 4 | |a Scientific and technological research centres in Latin America and the Caribbean, Spain and Portugal : |b directory |
| 043 | |a cl----- |a e-po--- |a e-sp--- | ||
| 082 | 0 | 0 | |a 507/.2/01756 |2 21 |
| 650 | 4 | |a Institutos de investigación |v Directorios. | |
| 650 | 4 | |a Tecnología. |v Directorios. | |
| 650 | 4 | |a Institutos de investigación |z América latina. | |
| 650 | 4 | |a Institutos de investigación |z Area del Caribe. | |
| 650 | 4 | |a Institutos de investigación |z España. | |
| 650 | 4 | |a Institutos de investigación |z Portugal. | |
| 650 | 4 | |a Research institutes |v Directories. | |
| 650 | 4 | |a Research institutes |z Latin America. | |
| 650 | 4 | |a Research institutes |z Caribbean Area. | |
| 650 | 4 | |a Research institutes |z Spain. | |
| 650 | 0 | |a Research institutes |z Portugal | |
| 650 | 0 | |a Technology |v Directories. | |
| 010 | |a 2001418220 | ||
| 040 | |a AZU |c AZU |d OCL |d UBA |d DLC |d AR-BbSID | ||
| 041 | 0 | |a spa |a eng | |
| 859 | |a AR-BbSID |b BIB. PLAPIQUI |h 378.12 |i D 628 |k R |p 3904 | ||
